000
00255nam a2200109Ia 4500
005
20251222114412.0
008
251222s1900||||xx |||||||||||||| ||spa||
082
_a
DVD0099/C38
245
0
_a
Sipán: el descubrimiento
264
_b
Explora Films
942
_c
DVD
999
_c
2070
_d
2070